Úraduje

Bibliographic Details
Main Author: Ouřada, Jiří (Author)
Format: Article
Language:Slovak
Subjects:

MARC

LEADER 00000nab a2200000 a 4500
001 vtls000109909
003 SK-MaSNL
005 20260303024430.0
008 111104c1982 xo 0 slo
015 |a SNBRB19rr/mm-uuuuu 
035 |a CL0120012 
040 |a SNKBUCL  |b slo  |c SNKBUCL  |e AACR2 
041 0 |a slo 
044 |a xo  |c SK 
080 |a 885.0-8  |2 1981 
100 1 |a Ouřada, Jiří  |4 aut  |9 1004348 
245 1 0 |a Úraduje  |c Jiří Ouřada 
650 0 7 |a aforizmy  |2 snkbucl  |9 75179 
655 7 |a články z novín a časopisov  |2 snkbucl  |9 267496 
655 7 |a články z odboru literárna veda a krásna literatúra  |2 snkbucl  |9 770045 
773 0 |t Roháč  |g Roč. 35, č. 6 (1982), s. 15 
850 |a Slovenská národná knižnica v Martine  |a MTA001 
852 |a SNK  |b KIS3GCP 
958 |a RK 
958 |a LX 
992 |a RBX 
999 |c 1640468  |d 1642398